000 00712nam a2200205Ia 4500
003 OSt
005 20250311171825.0
008 210210b1997 xxu||||| |||| 00| 0 eng d
040 _cAL
041 _aKannada
082 _aK894.9 HEGS
100 _aHEGADE (G M).
_9150899
_dಹೆಗಡೆ (ಜಿ ಎಂ )
245 _aSahitya Mattu Samskrati Spandana
_bಸಾಹಿತ್ಯ ಮತ್ತು ಸಂಸ್ಕೃತಿ ಸ್ಪಂದನ
260 _aDharavada
_bRanjana Prakashana
_c1997
300 _a202,viii
650 _aMasti Gokaka Mariyappa Jadabharata Hardekara Ekkundi Basavanala Nagesha Malagati Varadaraja
_9150900
690 _aKannada Criticism
_9150901
906 _a052294
942 _2ddc
_cBK
999 _c100638
_d100638